| 000 | 00450nam a22001577a 4500 | ||
|---|---|---|---|
| 999 |
_c130823 _d130823 |
||
| 005 | 20230522114215.0 | ||
| 008 | 230522b ||||| |||| 00| 0 eng d | ||
| 040 | _cPK-LaUMT | ||
| 082 |
_a320.955 _bSYE-I |
||
| 100 | _aSyed Abdul Quddus | ||
| 245 |
_aImam Khomeini towards Islamic World Order / _cby Syed Abdul Quddus |
||
| 260 |
_aLahore : _bProgressive Publishers, _c1994 |
||
| 300 | _a274 p. | ||
| 650 | _aPolitical situation-Iran | ||
| 942 | _cBK | ||